[Event "ECU-chT U20 Girls"]
[Site "Carpuela"]
[Date "2014.05.04"]
[Round "4.4"]
[White "Morales Plua, Erika Lizbery"]
[Black "Alarcon Vergara, Daysy Daniela"]
[Result "1/2-1/2"]
[WhiteElo "1364"]
[BlackElo "1584"]
[PlyCount "72"]
[EventDate "2014.05.03"]
[EventType "team-swiss"]
[EventRounds "7"]
[EventCountry "ECU"]
[SourceTitle "CBM 160 Extra"]
[Source "ChessBase"]
[SourceDate "2014.07.01"]
[SourceVersion "1"]
[SourceVersionDate "2014.07.01"]
[SourceQuality "1"]
[WhiteTeam "Santa Elena (W)"]
[BlackTeam "Orellana (W)"]
[WhiteTeamCountry "ECU"]
[BlackTeamCountry "ECU"]

1. e4 c5 2. Nf3 Nc6 3. d4 cxd4 4. Nxd4 g6 5. Nc3 Bg7 6. Be3 Nf6 7. Be2 0-0 8. Qd2 e5 9. Nf3 d6 10. Bh6 Re8 11. Bxg7 Kxg7 12. 0-0-0 Ng4 13. Rdf1 Be6 14. Kb1 Qa5 15. a3 Rad8 16. Ng5 Nf6 17. Qe3 d5 18. Rd1 d4 19. Nxe6+ Rxe6 20. Qd3 dxc3 21. Qxc3 Qxc3 22. bxc3 Nxe4 23. Rxd8 Nxd8 24. Kb2 Rb6+ 25. Ka1 Nxc3 26. Bc4 Nc6 27. Bb3 Nd4 28. Kb2 Nce2 29. Rd1 a5 30. a4 Rc6 31. Rd2 Nc3 32. f3 f5 33. f4 Nxb3 34. Rd7+ Kf6 35. cxb3 Nd5 36. Rxb7 Ke6 1/2-1/2